Andrés Bello (Record no. 27914)

MARC details
000 -LEADER
campo de control de longitud fija 00793nam a2200205 i 4500
001 - NÚMERO DE CONTROL
campo de control 27914
003 - IDENTIFICADOR DE NÚMERO DE CONTROL
campo de control ES-MaACL
005 - FECHA Y HORA DE LA ÚLTIMA TRANSACCIÓN
campo de control 20250918063024.0
007 - CAMPO FIJO DE DESCRIPCIÓN FÍSICA--INFORMACIÓN GENERAL
campo de control de longitud fija t|
008 - DATOS DE LONGITUD FIJA--INFORMACIÓN GENERAL
campo de control de longitud fija 030115s1910 sp ||||1| spa d
100 1# - ENTRADA PRINCIPAL--NOMBRE DE PERSONA
Nombre de persona Balbín de Unquera, Antonio,
Fechas asociadas al nombre 1842-1919
9 (RLIN) 24846
245 10 - MENCIÓN DEL TÍTULO
Título Andrés Bello
Resto del título : su época y sus obras : homenaje de la Unión Ibero Americana a las Repúblicas latinas de América en el primer centenario de su independencia 1910 /
Mención de responsabilidad, etc. por Antonio Balbin de Unquera.
260 ## - PUBLICACIÓN, DISTRIBUCIÓN, ETC.
Lugar de publicación, distribución, etc. Madrid :
Nombre del editor, distribuidor, etc. Hijos de M. G. Hernández,
Fecha de publicación, distribución, etc. 1910.
300 ## - DESCRIPCIÓN FÍSICA
Extensión XI, 324 p., 1 lám. ;
Dimensiones 26 cm.
500 ## - NOTA GENERAL
Nota general Lámina con el retr. de Andres Bello.
600 04 - PUNTO DE ACCESO ADICIONAL DE MATERIA--NOMBRE DE PERSONA
Nombre de persona Bello, Andrés.
9 (RLIN) 27233
710 2# - ENTRADA AGREGADA--NOMBRE DE ENTIDAD CORPORATIVA
Nombre de entidad corporativa o nombre de jurisdicción como elemento de entrada Unión Ibero-Americana.
9 (RLIN) 7037
852 ## - LOCALIZACIÓN
Ubicación ES-MaACL
Número de control de estantería G-6682
Holdings
Estatus retirado Estado de pérdida Estado de daño No para préstamo Biblioteca de origen Biblioteca actual Ubicación en estantería Fecha de adquisición Fuente de adquisición Total de préstamos Signatura topográfica completa Código de barras Visto por última vez Precio de reemplazo Tipo de ítem Koha
        Biblioteca del Ateneo de Madrid Biblioteca del Ateneo de Madrid Depósito 2 17/01/2008     G-6682 1028821 23/02/2023 23/02/2023 Libro impreso